<?xml version="1.0" encoding="UTF-8"?><?xml-stylesheet type="text/xsl" href="static/style.xsl"?><OAI-PMH xmlns="http://www.openarchives.org/OAI/2.0/" xmlns:xsi="http://www.w3.org/2001/XMLSchema-instance" xsi:schemaLocation="http://www.openarchives.org/OAI/2.0/ http://www.openarchives.org/OAI/2.0/OAI-PMH.xsd"><responseDate>2026-06-30T05:21:52Z</responseDate><request verb="GetRecord" identifier="oai:riubu.ubu.es:10259/5194" metadataPrefix="marc">https://riubu.ubu.es/oai/request</request><GetRecord><record><header><identifier>oai:riubu.ubu.es:10259/5194</identifier><datestamp>2022-02-28T23:42:08Z</datestamp><setSpec>com_10259_4365</setSpec><setSpec>com_10259_5086</setSpec><setSpec>com_10259_2604</setSpec><setSpec>col_10259_4366</setSpec></header><metadata><record xmlns="http://www.loc.gov/MARC21/slim" xmlns:doc="http://www.lyncode.com/xoai" xmlns:xsi="http://www.w3.org/2001/XMLSchema-instance" xmlns:dcterms="http://purl.org/dc/terms/" xsi:schemaLocation="http://www.loc.gov/MARC21/slim http://www.loc.gov/standards/marcxml/schema/MARC21slim.xsd">
<leader>00925njm 22002777a 4500</leader>
<datafield tag="042" ind1=" " ind2=" ">
<subfield code="a">dc</subfield>
</datafield>
<datafield tag="720" ind1=" " ind2=" ">
<subfield code="a">Rubio Antolin, Ana Rosa</subfield>
<subfield code="e">author</subfield>
</datafield>
<datafield tag="720" ind1=" " ind2=" ">
<subfield code="a">Fidalgo Zorrilla, Jairo</subfield>
<subfield code="e">author</subfield>
</datafield>
<datafield tag="720" ind1=" " ind2=" ">
<subfield code="a">Martin Vargas, Judit</subfield>
<subfield code="e">author</subfield>
</datafield>
<datafield tag="720" ind1=" " ind2=" ">
<subfield code="a">Pérez Arnáiz, Cristina</subfield>
<subfield code="e">author</subfield>
</datafield>
<datafield tag="720" ind1=" " ind2=" ">
<subfield code="a">Alonso de la Torre, Sara</subfield>
<subfield code="e">author</subfield>
</datafield>
<datafield tag="720" ind1=" " ind2=" ">
<subfield code="a">Biver, Tarita</subfield>
<subfield code="e">author</subfield>
</datafield>
<datafield tag="720" ind1=" " ind2=" ">
<subfield code="a">Espino Ordóñez, Gustavo</subfield>
<subfield code="e">author</subfield>
</datafield>
<datafield tag="720" ind1=" " ind2=" ">
<subfield code="a">Busto Vázquez, Natalia</subfield>
<subfield code="e">author</subfield>
</datafield>
<datafield tag="720" ind1=" " ind2=" ">
<subfield code="a">García Ruiz, Begoña</subfield>
<subfield code="e">author</subfield>
</datafield>
<datafield tag="260" ind1=" " ind2=" ">
<subfield code="c">2020-02</subfield>
</datafield>
<datafield tag="520" ind1=" " ind2=" ">
<subfield code="a">The synthesized 2-(hydroxy-1-naphtyl)imidazo-[4,5-f][1,10]phenanthroline (HNAIP) ligand and its new iridium ([Ir(ppy)2(HNAIP)]Cl) and rhodium ([Rh(ppy)2(HNAIP)]Cl) complexes, being ppy = 2-phenylpiridinate, show cytotoxic effects in SW480 (colon adenocarcinoma) and A549 (epithelial lung adenocarcinoma) cells. They all are cytotoxic in the tested cell lines. HNAIP and [Rh(ppy)2(HNAIP)]+ are the most cytotoxic, whereas [Ir(ppy)2(HNAIP)]+ displays negligible cytotoxicity towards A549 cells and moderate activity towards SW480. The interaction of all three compounds with Bovine Serum Albumin (BSA), l-glutathione reduced (GSH), nicotinamide adenine dinucleotide (NADH) and DNA was studied to explain the differences found in terms of cytotoxicity. None of them are able to interact with BSA, thus excluding bioavailability due to plasma protein interaction as the possible differentiating factor in their biological activity. By contrast, small differences have been observed regarding DNA interaction. In addition, taking advantage of the emission properties of these molecules, they have been visualized in the cytoplasmic region of A549 cells. Inductively coupled plasma mass spectrometry (ICP-MS) experiments show, in turn, that the internalization ability follow the sequence [Rh(ppy)2(HNAIP)]+ > [Ir(ppy)2(HNAIP)]+ > cisplatin. Therefore, it seems clear that the cellular uptake by tumour cells is the key factor affecting the different cytotoxicity of the metal complexes and that this cellular uptake is influenced by the hydrophobicity of the studied complexes. On the other hand, preliminary catalytic experiments performed on the photo-oxidation of GSH and some amino acids such as l-methionine (Met), l-cysteine (Cys) and l-tryptophan (Trp) provide evidence for the photocatalytic activity of the Ir(III) complex in this type of reactions.</subfield>
</datafield>
<datafield tag="024" ind2=" " ind1="8">
<subfield code="a">0162-0134</subfield>
</datafield>
<datafield tag="024" ind2=" " ind1="8">
<subfield code="a">http://hdl.handle.net/10259/5194</subfield>
</datafield>
<datafield tag="024" ind2=" " ind1="8">
<subfield code="a">10.1016/j.jinorgbio.2019.110885</subfield>
</datafield>
<datafield ind1=" " ind2=" " tag="653">
<subfield code="a">2-(hydroxy-1-naphtyl)imidazo-[4,5-f]</subfield>
</datafield>
<datafield ind1=" " ind2=" " tag="653">
<subfield code="a">[1,10]phenanthroline</subfield>
</datafield>
<datafield ind1=" " ind2=" " tag="653">
<subfield code="a">Iridium</subfield>
</datafield>
<datafield ind1=" " ind2=" " tag="653">
<subfield code="a">Rhodium</subfield>
</datafield>
<datafield ind1=" " ind2=" " tag="653">
<subfield code="a">Cellular test</subfield>
</datafield>
<datafield ind1=" " ind2=" " tag="653">
<subfield code="a">DNA</subfield>
</datafield>
<datafield ind1=" " ind2=" " tag="653">
<subfield code="a">Photo-catalysis</subfield>
</datafield>
<datafield tag="245" ind1="0" ind2="0">
<subfield code="a">Biological activity and photocatalytic properties of a naphthyl-imidazo phenanthroline (HNAIP) ligand and its [Ir(ppy)2(HNAIP)]Cl and [Rh(ppy)2(HNAIP)]Cl complexes</subfield>
</datafield>
</record></metadata></record></GetRecord></OAI-PMH>